Cosas que fueron (Record no. 4523)
[ view plain ]
| 000 -CABECERA | |
|---|---|
| campo de control de longitud fija | 00685nam a2200229 a 4500 |
| 001 - NÚMERO DE CONTROL | |
| campo de control | BRCA_4827 |
| 005 - FECHA Y HORA DE LA ÚLTIMA TRANSACCIÓN | |
| campo de control | 20190320204825.0 |
| 008 - DATOS DE LONGITUD FIJA--INFORMACIÓN GENERAL | |
| campo de control de longitud fija | 760827s1937 mx-a######---#001-0#spa-# |
| 041 ## - CÓDIGO DE LENGUA | |
| Código de lengua del texto/banda sonora o título independiente | spa |
| 044 ## - CÓDIGO DEL PAÍS DE LA ENTIDAD EDITORA/PRODUCTORA | |
| Código MARC del país | mx |
| 050 #4 - SIGNATURA TOPOGRÁFICA DE LA BIBLIOTECA DEL CONGRESO | |
| Número de clasificación | F1226 |
| Número de documento/Ítem | .R66 1 1937 |
| 100 1# - ENTRADA PRINCIPAL--NOMBRE DE PERSONA | |
| Nombre de persona | Romero de Terreros, Manuel |
| Títulos y otros términos asociados al nombre | Marqués de San Francisco |
| Fechas asociadas al nombre | 1880-1968 |
| 9 (RLIN) | 12235 |
| 245 10 - MENCIÓN DE TÍTULO | |
| Título | Cosas que fueron |
| Mención de responsabilidad, etc. | por D. Manuel Romero de Terreros. |
| 260 ## - PUBLICACIÓN, DISTRIBUCIÓN, ETC. | |
| Lugar de publicación, distribución, etc. | México |
| Nombre del editor, distribuidor, etc. | Imprenta de J. I. Muñoz |
| Fecha de publicación, distribución, etc. | 1937 |
| 300 ## - DESCRIPCIÓN FÍSICA | |
| Extensión | 240 p. |
| Otras características físicas | il., 9 láminas |
| Dimensiones | 15 cm. |
| 500 ## - NOTA GENERAL | |
| Nota general | Estado físico: Cubierta deteriorada |
| 500 ## - NOTA GENERAL | |
| Nota general | Ejemplar igual a F12 |
| 500 ## - NOTA GENERAL | |
| Nota general | CFG78 |
| 651 #4 - PUNTO DE ACCESO ADICIONAL DE MATERIA--NOMBRE GEOGRÁFICO | |
| Nombre geográfico | México |
| Subdivisión general | Historia |
| 9 (RLIN) | 614 |
| 902 ## - CATALOGADOR | |
| Iniciales | GFM |
| 942 ## - ELEMENTOS DE PUNTO DE ACCESO ADICIONAL (KOHA) | |
| Fuente del sistema de clasificación o colocación | Library of Congress Classification |
| Tipo de ítem Koha | Libros |
| Estado de retiro | Estado de pérdida | Estado dañado | No para préstamo | Localización permanente | Ubicación/localización actual | Fecha de adquisición | Número de inventario | Total de préstamos | Signatura topográfica completa | Código de barras | Fecha visto por última vez | Precio válido a partir de | Tipo de ítem Koha |
|---|---|---|---|---|---|---|---|---|---|---|---|---|---|
| El ejemplar forma parte de la colección y puede ser consultado según las políticas vigentes. | Biblioteca del Museo Franz Mayer (Rogerio Casas-Alatriste) | Biblioteca del Museo Franz Mayer (Rogerio Casas-Alatriste) | 13/10/2010 | CFG78 | F1226 .R66 1 1937 (CFG78) | 4860 | 22/03/2019 | 22/03/2019 | Libros |